Ornament russkoj narodnoj vyšivki

Bibliographic Details
Main Author: Maslova, G. S. (Author)
Format: Book
Language:Undetermined
PhysicalDescription:205 s.
Published: Moskva "Nauka" 1978

MARC

LEADER 00000nam a2200000 a 4500
001 vtls001290504
003 SK-MaSNL
005 20260301155431.0
008 240315s1978 xx 0 und
035 |a SNK000242147 
040 |a SNK  |b slo  |c SNK  |e AACR2 
100 1 |a Maslova, G. S.  |4 aut  |9 519675 
245 1 |a Ornament russkoj narodnoj vyšivki 
260 |a Moskva  |b "Nauka"  |c 1978 
300 |a 205 s. 
958 |a OND 
999 |c 800968  |d 802898 
952 |t P60, <04>, [BOOK], {604}  |a SNK  |b SNK  |y VYP  |7 0  |p 17A0073805  |o snkIC 78392  |0 0  |1 0  |4 0  |d 1997-06-13  |l 0  |r 2005-01-02 00:00:00  |w 2026-02-24